English Football League Club Nicknames 2025/2026 - Statistics

General Stats
  • This quiz has been taken 279 times
    239 since last reset
  • The average score is 55 of 164
Answer Stats
Division Club Nickname % Correct
Championship QPR The R's
100%
Championship Oxford United The U's
99%
League Two Cambridge The U's
99%
League Two Colchester The U's
99%
National League Sutton The U's
99%
League One Leyton Orient The O's
97%
Premier League Arsenal The Gunners
92%
Premier League Chelsea The Blues
89%
Championship Birmingham The Blues
89%
Premier League Manchester United The Red Devils
88%
League Two Crawley The Red Devils
88%
Premier League Brentford The Bees
87%
League Two Barnet The Bees
87%
Premier League Liverpool The Reds
87%
National League North Alfreton The Reds
87%
Premier League Brighton The Seagulls
85%
National League South Weston-super-Mare The Seagulls
85%
Premier League Bournemouth The Cherries
83%
Premier League Everton The Toffees
83%
Premier League West Ham The Hammers
78%
Premier League Newcastle The Magpies
76%
League Two Notts County The Magpies
76%
National League Maidenhead The Magpies
76%
National League North Chorley The Magpies
76%
Premier League Crystal Palace The Eagles
71%
National League North Bedford The Eagles
71%
Premier League Manchester City The Citizens
70%
Premier League Fulham The Cottagers
68%
Championship Leicester The Foxes
62%
Championship Hull The Tigers
62%
National League North Worksop The Tigers
62%
Premier League Sunderland The Black Cats
60%
Championship Swansea The Swans
60%
Premier League Leeds The Whites
60%
National League South Dover The Whites
60%
National League South Salisbury The Whites
60%
Premier League Burnley The Clarets
59%
National League South Chelmsford The Clarets
59%
Championship Millwall The Lions
57%
Premier League Aston Villa The Villains
56%
Championship Sheffield Wednesday The Owls
54%
Championship Southampton The Saints
54%
National League Brackley The Saints
54%
Championship Sheffield United The Blades
52%
Championship Norwich The Canaries
51%
Championship Coventry The Sky Blues
50%
League Two MK Dons The Dons
49%
Premier League Tottenham The Lilywhites
49%
Championship Preston The Lilywhites
49%
Championship Derby The Rams
49%
Championship West Brom The Baggies
47%
Championship Ipswich The Tractorboys
47%
Championship Portsmouth Pompey
46%
Championship Stoke The Potters
43%
League One Doncaster The Rovers
43%
League Two Tranmere The Rovers
43%
Championship Middlesbrough The Boro
41%
League One Stevenage The Boro
41%
National League North Radcliffe The Boro
41%
League One Luton The Hatters
41%
League One Stockport The Hatters
41%
Championship Watford The Hornets
38%
National League South Horsham The Hornets
38%
National League South Dorking The Wanderers
37%
League One Cardiff The Bluebirds
35%
League Two Barrow The Bluebirds
35%
National League South Chippenham The Bluebirds
35%
Championship Bristol City The Robins
35%
League Two Cheltenham The Robins
35%
League Two Swindon The Robins
35%
National League Altrincham The Robins
35%
National League Braintree The Iron
32%
National League Scunthorpe The Iron
32%
League One Lincoln The Imps
31%
League One Peterborough United The Posh
31%
League One Reading The Royals
30%
League One Northampton The Cobblers
26%
National League Forest Green The Green
25%
League One Plymouth The Pilgrims
25%
National League Boston The Pilgrims
25%
League One Blackpool The Seasiders
25%
League One Huddersfield The Terriers
23%
League One Rotherham The Millers
22%
League Two Accrington Stanley
21%
League One Wigan The Latics
21%
League Two Oldham The Latics
21%
Championship Wrexham The Red Dragons
21%
League One Mansfield The Stags
21%
National League South Totton The Stags
21%
Championship Charlton The Addicks
20%
League One Bradford The Bantams
20%
League One Burton The Brewers
20%
League Two Gillingham The Gills
20%
League Two Grimsby The Mariners
20%
National League North Marine The Mariners
20%
National League North South Shields The Mariners
20%
League Two Crewe The Railwaymen
20%
Premier League Nottingham Forest The Tricky Trees
20%
League One Exeter The Grecians
18%
League One Wycombe The Chairboys
17%
League Two Shrewsbury The Shrews
17%
League One Barnsley The Tykes
17%
National League South Farnborough The Yellows
16%
National League Rochdale The Dale
15%
League One Bolton The Trotters
15%
League One AFC Wimbledon The Wombles
15%
League Two Walsall The Saddlers
14%
National League Solihull The Moors
13%
National League North Spennymoor The Moors
13%
National League Southend The Shrimpers
13%
National League Morecambe The Shrimps
13%
League Two Bristol Rovers The Gas
12%
League One Port Vale The Valiants
12%
National League Dagenham The Daggers
11%
League Two Newport The Exiles
11%
National League Boreham Wood The Wood
11%
Premier League Wolves The Old Gold
10%
National League Aldershot The Shots
10%
League Two Fleetwood The Cod Army
9%
National League York The Minstermen
9%
League Two Chesterfield The Spireites
9%
National League South Torquay The Gulls
8%
League Two Bromley The Ravens
8%
Championship Blackburn The Riversiders
8%
National League North Hereford The Bulls
7%
National League Yeovil The Glovers
7%
National League Hartlepool The Monkey Hangers
7%
National League Halifax The Shaymen
7%
National League Carlisle The Cumbrians
6%
National League Tamworth The Lambs
6%
National League North Buxton The Bucks
5%
National League North Telford The Bucks
5%
National League Gateshead The Heed
4%
National League North Darlington The Quakers
4%
National League Wealdstone The Stones
4%
National League South Maidstone The Stones
4%
National League South Tonbridge The Angels
3%
National League Woking The Cardinals
3%
National League North AFC Fylde The Coasters
3%
National League North Kidderminster The Harriers
3%
National League North Oxford City The Hoops
3%
National League South Bath The Romans
3%
National League North Macclesfield The Silkmen
3%
National League Eastleigh The Spitfires
3%
League Two Harrogate The Sulphurites
3%
National League South Enfield The Towners
3%
National League South Hemel Hempstead The Tudors
3%
League Two Salford The Ammies
2%
National League South Hampton & Richmond The Beavers
2%
National League North Merthyr The Martyrs
2%
National League North Chester The Seals
2%
National League South Ebbsfleet The Fleet
1%
National League North King's Lynn The Linnets
1%
National League North Curzon Ashton The Nash
1%
National League North Leamington The Brakes
0%
National League South Chesham The Generals
0%
National League South Worthing The Mackerel Men
0%
National League South Slough The Rebels
0%
National League North Southport The Sandgrounders
0%
National League North Scarborough The Seadogs
0%
National League South Eastbourne The Sports
0%
National League Truro The Tinners
0%
National League North Peterborough Sports The Turbines
0%
National League South Hornchurch The Urchins
0%
No matching quizzes found
Score Distribution
Percent of People with Each Score
Percentile by Number Answered
Your Score History
You have not taken this quiz since the last reset